Effect of duck feed and shrimp by product supplementation on CP commercial feed on growth rate of avian broiler at the animal experimental station royal university of agriculture, ឥទ្ថិពលនៃការបន្ថែមចកបាយទាស្រស់ និងអនុផលបង្គា លើចំណីផ្សំរបស់ក្រុមហ៊ុនស៊ី.ភី លើការលូតលាស់របស់មាន់សាច់ពូជ AVIAN នៅស្ថានីយពិសោធន៍សត្វនៃសាកលវិទ្យាល័យភូមិន្ទកសិកម្ម (Record no. 2462)

000 -LEADER
fixed length control field 00985nam a22001337a 4500
040 ## - CATALOGING SOURCE
Transcribing agency RUA
082 ## - DEWEY DECIMAL CLASSIFICATION NUMBER
Classification number AVM OUK 2010 B096 Or.1
100 ## - MAIN ENTRY--AUTHOR NAME
Personal name OUK, THORN.
245 ## - TITLE STATEMENT
Title Effect of duck feed and shrimp by product supplementation on CP commercial feed on growth rate of avian broiler at the animal experimental station royal university of agriculture, ឥទ្ថិពលនៃការបន្ថែមចកបាយទាស្រស់ និងអនុផលបង្គា លើចំណីផ្សំរបស់ក្រុមហ៊ុនស៊ី.ភី លើការលូតលាស់របស់មាន់សាច់ពូជ AVIAN នៅស្ថានីយពិសោធន៍សត្វនៃសាកលវិទ្យាល័យភូមិន្ទកសិកម្ម
260 ## - PUBLICATION, DISTRIBUTION, ETC. (IMPRINT)
Place of publication Phnom Penh
Name of publisher RUA
Year of publication 2010
300 ## - PHYSICAL DESCRIPTION
Number of Pages xii; 43p.
Other physical details ill.
Dimensions 29cm.
856 ## - ELECTRONIC LOCATION AND ACCESS
Uniform Resource Identifier https://drive.google.com/file/d/1xkey8sA5fWAqYVKEg4gJDIS8JFQmxreA/view?usp=sharing
942 ## - ADDED ENTRY ELEMENTS (KOHA)
Koha item type AVM
952 ## - LOCATION AND ITEM INFORMATION (KOHA)
Withdrawn status [LOCAL, KOHA] 0
952 ## - LOCATION AND ITEM INFORMATION (KOHA)
Withdrawn status [LOCAL, KOHA] 0
952 ## - LOCATION AND ITEM INFORMATION (KOHA)
Withdrawn status [LOCAL, KOHA] 0
952 ## - LOCATION AND ITEM INFORMATION (KOHA)
Withdrawn status [LOCAL, KOHA] 0
952 ## - LOCATION AND ITEM INFORMATION (KOHA)
Withdrawn status [LOCAL, KOHA] 0
952 ## - LOCATION AND ITEM INFORMATION (KOHA)
Withdrawn status [LOCAL, KOHA] 0
952 ## - LOCATION AND ITEM INFORMATION (KOHA)
Withdrawn status [LOCAL, KOHA] 0
952 ## - LOCATION AND ITEM INFORMATION (KOHA)
Withdrawn status [LOCAL, KOHA] 0
952 ## - LOCATION AND ITEM INFORMATION (KOHA)
Withdrawn status [LOCAL, KOHA] 0
952 ## - LOCATION AND ITEM INFORMATION (KOHA)
Withdrawn status [LOCAL, KOHA] 0
952 ## - LOCATION AND ITEM INFORMATION (KOHA)
Withdrawn status [LOCAL, KOHA] 0
Holdings
Permanent Location Date acquired Koha item type Lost status Shelving location Barcode Current Location Full call number
Library Block B2015-10-21AVM B096RUA019034Library Block BAVM OUK 2010 B096 Or.1
Library Block B2015-10-21AVM B096RUA019460Library Block BAVM OUK 2010 B096 Or.2
Library Block B2015-10-21AVM B096RUA015821Library Block BAVM OUK 2010 B096 Or.3
Library Block B2015-10-21AVM B096RUA015457Library Block BAVM OUK 2010 B096 Or.4
Library Block B2015-10-21AVM B096RUA016242Library Block BAVM OUK 2010 B096 Or.5
Library Block B2015-10-21AVM B096RUA015313Library Block BAVM OUK 2010 B096 Or.6
Library Block B2015-10-21AVM B096RUA015381Library Block BAVM OUK 2010 B096 Or.7
Library Block B2015-10-21AVM B096RUA015385Library Block BAVM OUK 2010 B096 Or.8
Library Block B2015-10-21AVM B096RUA019463Library Block BAVM OUK 2010 B096 Or.9
Library Block B2015-10-21AVM B096RUA019341Library Block BAVM OUK 2010 B096 Or.10
Library Block B2015-10-21AVM B096RUA019177Library Block BAVM OUK 2010 B096 Or.11
មជ្ឈមណ្ឌលឯការនៃសាកលវិទ្យាល័យភូមិន្ទកសិកម្មចំការដូង

Powered by Koha